Study to support the review of the list of restricted substances and to assess a new exemption request under RoHS 2 (Pack 15) (Registro nro. 171083)

Detalles MARC
000 -LEADER
fixed length control field 03403nam a22003377a 4500
007 - PHYSICAL DESCRIPTION FIXED FIELD--GENERAL INFORMATION
fixed length control field cr|||| ||||
008 - FIXED-LENGTH DATA ELEMENTS--GENERAL INFORMATION
fixed length control field 220118s2021 eu |||||s||||i00||0 eng d
020 ## - INTERNATIONAL STANDARD BOOK NUMBER
International Standard Book Number 978-92-76-20013-0
035 ## -
-- 34355
040 ## - CATALOGING SOURCE
Original cataloging agency vLex
090 ## -
-- 12847
-- 12847
100 1# - MAIN ENTRY--PERSONAL NAME
Personal name Clemm, Christan
245 10 - TITLE STATEMENT
Title Study to support the review of the list of restricted substances and to assess a new exemption request under RoHS 2 (Pack 15)
Medium [Recurso electrónico] :
Remainder of title Final report /
Statement of responsibility, etc Christan Clemm, Clara Löw, Yifaat Baron, Katja Moch, Martin Möller, Andreas R. Köhler, Carl-Otto Gensch, Otmar Deubzer
256 ## -
-- Servicio en línea
260 ## - PUBLICATION, DISTRIBUTION, ETC. (IMPRINT)
Place of publication, distribution, etc Bruselas:
Name of publisher, distributor, etc European Union Publications Office,
Date of publication, distribution, etc 2021
300 ## - PHYSICAL DESCRIPTION
Extent 1 recurso electrónico
500 ## - GENERAL NOTE
General note The key provisions of Directive 2011/65/EU (RoHS 2) can be found in Article 4(1), requiring Member States to ensure that electrical and electronic equipment (EEE) placed on the market, including cables and spare parts, does not contain the substances listed in Annex II (restricted substances) in excess of the specified maximum tolerated value in the homogeneous material. The directive annex initially listed the following substances: lead, mercury, cadmium, hexavalent chromium, polybrominated biphenyls and polybrominated diphenyl ethers. Article 6 of RoHS 2 requires that the list of restricted substances in Annex II be reviewed periodically and stipulates rules for amending the list. A first review of the annex was performed in the course of two studies between 2012 and 2014, resulting in the addition of four phthalates to the annex (the restrictions entered into force as of 2019). Under Framework Contract no. ENV.A.2/FRA/2015/0008 of 27/03/2015, a consortium led by Oeko-Institut was requested by DG Environment of the European Commission to prepare a study to support the review of the list of restricted substances and to provide technical and scientific support for the evaluation of exemption requests under the RoHS 2 regime. The work was undertaken by Oeko-Institut together with the Fraunhofer Institute IZM. The work was requested with a view to providing technical and scientific support for the following tasks: - Part 1: Substance review: − Task 1: Update of the existing methodology to identify and assess substances for possible restriction; − Task 2: Assess substances with a view to their possible future restriction; − Task 3: Determination of the quantitative usage data for substances used in EEE; - Part 2: Exemption evaluation: − Task 4: Exemption methodology − Task 5: Exemption assessment - A horizontal task (task 6) was devoted to the consultation of stakeholders throughout the project.
506 1# - RESTRICTIONS ON ACCESS NOTE
Terms governing access Disponible solo en los productos indicados
Authorized users vLex Global
-- vLex Global (Academic Edition, excluding Law Schools)
-- vLex Global (U.S. Academic Edition, Law Schools)
-- vLex Global (U.S. Academic Edition, excluding Law Schools)
-- vLex Global (Academic Edition, Law Schools)
650 04 - SUBJECT ADDED ENTRY--TOPICAL TERM
Topical term or geographic name as entry element Derecho del Medio Ambiente
Geographic subdivision Unión Europea
700 1# - ADDED ENTRY--PERSONAL NAME
Personal name Löw, Clara
700 1# - ADDED ENTRY--PERSONAL NAME
Personal name Baron, Yifaat
700 1# - ADDED ENTRY--PERSONAL NAME
Personal name Moch, Katja
700 1# - ADDED ENTRY--PERSONAL NAME
Personal name Möller, Martin
700 1# - ADDED ENTRY--PERSONAL NAME
Personal name Köhler, Andreas R.
700 1# - ADDED ENTRY--PERSONAL NAME
Personal name Gensch, Carl-Otto
700 1# - ADDED ENTRY--PERSONAL NAME
Personal name Deubzer, Otmar
740 0# -
-- vLex Libros (Servicio en línea)
856 40 - LOCALIZACIÓN Y ACCESO ELECTRÓNICO
Identificador Uniforme del Recurso (URI/URL) https://app.vlex.com/#/sources/34355
942 ## -
-- RAA
999 ## -
-- 171083
-- 171083

No hay ítems disponibles.


CONTACTO


NOSOTROS


SITIOS DE INTERES

coordinacion.biblioteca.biblioteca@unienlinea.mx Misión, Visión y Objetivos Bases de datos
Directorio Bibliotecas Digitales y Repositorios
Normatividad Revistas y artículos
Convenios interbibliotecarios
Boletines



Hecho en México. Universidad Insurgentes (UIN). Todos los derechos reservados 2024. Esta página y sus contenidos pueden ser reproducidos con fines no lucrativos, siempre y cuando no se mutile, se cite la fuente completa y su dirección electrónicas. De otra forma requiere permiso previo por escrito de la institución




2024 Copyright Universidad Insurgentes | www.bibliouin.com.mx